000 00811nam a2200229 4500
005 20090723162218.0
008 700212s1969 ce b 000 0 eng
020 _a8170249430
035 _aA-895480
040 _adpl
_bEnglish
082 _a323
100 _aSen, Sankar
_946146
245 _aHuman rights in a developing society /
_cby Sankar Sen
260 _aNew Delhi
_bAPH Publishing Corporation
_c1998
270 _a4435-36/7, Ansari Road, Daryaganj
_bNew Delhi
_e110002
300 _aviii, 293p.
_c20 cms.
500 _aIncludes index
650 _aCivil rights
_946147
650 _aHuman rights
_946148
942 _2ddc
_cEN
_h323
_mSEN
999 _c65920
_d65920